Every College Football Playoff Final Top 25 (2014-2025) - Statistics

General Stats
  • This quiz has been taken 140 times
    19 since last reset
  • The average score is 278 of 300
Answer Stats
Year Rank Team % Correct
2014 1. Alabama
100%
2015 2. Alabama
100%
2016 1. Alabama
100%
2017 4. Alabama
100%
2018 1. Alabama
100%
2019 13. Alabama
100%
2020 1. Alabama
100%
2021 1. Alabama
100%
2022 5. Alabama
100%
2023 4. Alabama
100%
2024 11. Alabama
100%
2025 9. Alabama
100%
2021 21. Arkansas
100%
2014 19. Auburn
100%
2016 14. Auburn
100%
2017 7. Auburn
100%
2019 12. Auburn
100%
2014 5. Baylor
100%
2015 17. Baylor
100%
2019 7. Baylor
100%
2021 7. Baylor
100%
2014 20. Boise State
100%
2017 25. Boise State
100%
2018 25. Boise State
100%
2019 19. Boise State
100%
2024 9. Boise State
100%
2020 16. BYU
100%
2021 13. BYU
100%
2024 17. BYU
100%
2025 12. BYU
100%
2019 21. Cincinnati
100%
2020 8. Cincinnati
100%
2021 4. Cincinnati
100%
2014 17. Clemson
100%
2015 1. Clemson
100%
2016 2. Clemson
100%
2017 1. Clemson
100%
2018 2. Clemson
100%
2019 3. Clemson
100%
2020 2. Clemson
100%
2021 19. Clemson
100%
2022 7. Clemson
100%
2023 22. Clemson
100%
2024 16. Clemson
100%
2015 19. Florida
100%
2016 17. Florida
100%
2018 10. Florida
100%
2019 9. Florida
100%
2020 7. Florida
100%
2014 13. Georgia
100%
2017 3. Georgia
100%
2018 5. Georgia
100%
2019 5. Georgia
100%
2020 9. Georgia
100%
2021 3. Georgia
100%
2022 1. Georgia
100%
2023 6. Georgia
100%
2024 2. Georgia
100%
2025 3. Georgia
100%
2014 12. Georgia Tech
100%
2025 22. Georgia Tech
100%
2015 18. Houston
100%
2021 20. Houston
100%
2025 21. Houston
100%
2024 20. Illinois
100%
2020 11. Indiana
100%
2024 8. Indiana
100%
2025 1. Indiana
100%
2017 10. Miami
100%
2020 18. Miami
100%
2024 13. Miami
100%
2025 10. Miami
100%
2015 14. Michigan
100%
2016 6. Michigan
100%
2018 7. Michigan
100%
2019 14. Michigan
100%
2021 2. Michigan
100%
2022 2. Michigan
100%
2023 1. Michigan
100%
2025 18. Michigan
100%
2014 8. Michigan State
100%
2015 3. Michigan State
100%
2017 16. Michigan State
100%
2021 10. Michigan State
100%
2014 7. Mississippi State
100%
2017 23. Mississippi State
100%
2018 18. Mississippi State
100%
2022 22. Mississippi State
100%
2015 8. Notre Dame
100%
2017 14. Notre Dame
100%
2018 3. Notre Dame
100%
2019 15. Notre Dame
100%
2020 4. Notre Dame
100%
2021 5. Notre Dame
100%
2022 21. Notre Dame
100%
2023 16. Notre Dame
100%
2024 5. Notre Dame
100%
2025 11. Notre Dame
100%
2014 4. Ohio State
100%
2015 7. Ohio State
100%
2016 3. Ohio State
100%
2017 5. Ohio State
100%
2018 6. Ohio State
100%
2019 2. Ohio State
100%
2020 3. Ohio State
100%
2021 6. Ohio State
100%
2022 4. Ohio State
100%
2023 7. Ohio State
100%
2024 6. Ohio State
100%
2025 2. Ohio State
100%
2015 4. Oklahoma
100%
2016 7. Oklahoma
100%
2017 2. Oklahoma
100%
2018 4. Oklahoma
100%
2019 4. Oklahoma
100%
2020 6. Oklahoma
100%
2021 16. Oklahoma
100%
2023 12. Oklahoma
100%
2025 8. Oklahoma
100%
2014 9. Ole Miss
100%
2015 12. Ole Miss
100%
2021 8. Ole Miss
100%
2023 11. Ole Miss
100%
2024 14. Ole Miss
100%
2025 6. Ole Miss
100%
2014 2. Oregon
100%
2015 15. Oregon
100%
2019 6. Oregon
100%
2020 25. Oregon
100%
2021 14. Oregon
100%
2022 15. Oregon
100%
2023 8. Oregon
100%
2024 1. Oregon
100%
2025 5. Oregon
100%
2016 5. Penn State
100%
2017 9. Penn State
100%
2018 12. Penn State
100%
2019 10. Penn State
100%
2022 11. Penn State
100%
2023 10. Penn State
100%
2024 4. Penn State
100%
2014 6. TCU
100%
2015 11. TCU
100%
2017 15. TCU
100%
2022 3. TCU
100%
2015 23. Tennessee
100%
2016 21. Tennessee
100%
2022 6. Tennessee
100%
2023 21. Tennessee
100%
2024 7. Tennessee
100%
2018 15. Texas
100%
2020 20. Texas
100%
2022 20. Texas
100%
2023 3. Texas
100%
2024 3. Texas
100%
2025 13. Texas
100%
2018 19. Texas A&M
100%
2020 5. Texas A&M
100%
2021 25. Texas A&M
100%
2025 7. Texas A&M
100%
2025 4. Texas Tech
100%
2014 14. UCLA
100%
2022 18. UCLA
100%
2014 24. USC
100%
2015 25. USC
100%
2016 9. USC
100%
2017 8. USC
100%
2019 22. USC
100%
2020 17. USC
100%
2022 10. USC
100%
2025 16. USC
100%
2014 22. Utah
100%
2015 22. Utah
100%
2016 19. Utah
100%
2018 17. Utah
100%
2019 11. Utah
100%
2021 11. Utah
100%
2022 8. Utah
100%
2025 15. Utah
100%
2014 18. Wisconsin
100%
2016 8. Wisconsin
100%
2017 6. Wisconsin
100%
2019 8. Wisconsin
100%
2014 10. Arizona
93%
2023 14. Arizona
93%
2025 17. Arizona
93%
2014 15. Arizona State
93%
2024 12. Arizona State
93%
2016 10. Colorado
93%
2024 23. Colorado
93%
2014 3. Florida State
93%
2015 9. Florida State
93%
2016 11. Florida State
93%
2022 13. Florida State
93%
2023 5. Florida State
93%
2015 5. Iowa
93%
2019 16. Iowa
93%
2020 15. Iowa
93%
2021 15. Iowa
93%
2023 17. Iowa
93%
2025 23. Iowa
93%
2018 24. Iowa State
93%
2020 10. Iowa State
93%
2024 18. Iowa State
93%
2018 14. Kentucky
93%
2021 22. Kentucky
93%
2014 23. LSU
93%
2015 20. LSU
93%
2016 20. LSU
93%
2017 17. LSU
93%
2018 11. LSU
93%
2019 1. LSU
93%
2022 17. LSU
93%
2023 13. LSU
93%
2014 16. Missouri
93%
2018 23. Missouri
93%
2023 9. Missouri
93%
2024 19. Missouri
93%
2015 10. North Carolina
93%
2020 13. North Carolina
93%
2023 24. SMU
93%
2024 10. SMU
93%
2022 19. South Carolina
93%
2024 15. South Carolina
93%
2025 14. Vanderbilt
93%
2019 24. Virginia
93%
2025 19. Virginia
93%
2016 4. Washington
93%
2017 11. Washington
93%
2018 9. Washington
93%
2022 12. Washington
93%
2023 2. Washington
93%
2014 25. Minnesota
87%
2019 18. Minnesota
87%
2015 13. Northwestern
87%
2017 21. Northwestern
87%
2018 22. Northwestern
87%
2020 14. Northwestern
87%
2015 16. Oklahoma State
87%
2016 12. Oklahoma State
87%
2017 19. Oklahoma State
87%
2019 25. Oklahoma State
87%
2020 21. Oklahoma State
87%
2021 9. Oklahoma State
87%
2023 20. Oklahoma State
87%
2018 20. Syracuse
87%
2024 21. Syracuse
87%
2022 16. Tulane
87%
2025 20. Tulane
87%
2017 12. UCF
87%
2018 8. UCF
87%
2016 22. Virginia Tech
87%
2017 22. Virginia Tech
87%
2016 16. West Virginia
87%
2018 16. West Virginia
87%
2025 24. James Madison
80%
2014 11. Kansas State
80%
2022 9. Kansas State
80%
2023 25. Kansas State
80%
2017 24. NC State
80%
2020 23. NC State
80%
2021 18. NC State
80%
2022 23. NC State
80%
2023 18. NC State
80%
2022 14. Oregon State
80%
2023 19. Oregon State
80%
2015 6. Stanford
80%
2016 18. Stanford
80%
2017 13. Stanford
80%
2017 18. Washington State
80%
2018 13. Washington State
80%
2024 22. Army
73%
2014 21. Louisville
73%
2016 13. Louisville
73%
2023 15. Louisville
73%
2017 20. Memphis
73%
2019 17. Memphis
73%
2024 25. Memphis
73%
2015 21. Navy
73%
2016 25. Navy
73%
2019 23. Navy
73%
2025 25. North Texas
73%
2021 17. Wake Forest
73%
2016 23. Pittsburgh
67%
2021 12. Pittsburgh
67%
2024 24. UNLV
67%
2020 12. Coastal Carolina
60%
2023 23. Liberty
60%
2021 24. San Diego State
60%
2015 24. Temple
53%
2016 24. Temple
53%
2022 24. Troy
53%
2016 15. Western Michigan
53%
2022 25. UTSA
47%
2019 20. Appalachian State
40%
2020 19. Louisiana
40%
2021 23. Louisiana
40%
2020 24. Tulsa
27%
2018 21. Fresno State
7%
2020 22. San Jose State
0%
No matching quizzes found
Score Distribution
Percent of People with Each Score
Percentile by Number Answered
Your Score History
You have not taken this quiz since the last reset